| 000 | 01356cam a2200373 i 4500 | ||
|---|---|---|---|
| 001 | 40021 | ||
| 003 | Mx-PuUPA | ||
| 005 | 20250611124802.0 | ||
| 008 | 140415s2002 sp gr 001 0 spa d | ||
| 017 | _aB. 28.032 - 2003 | ||
| 020 | _a8479534907 | ||
| 040 |
_cMx-PuUPA _aMx-PuUPA _bspa _dMx-PuUPA _erda |
||
| 041 | 0 |
_aspa _heng |
|
| 100 | 1 |
_aMiedaner, Talane, _917158 _eautor |
|
| 240 | 1 | 0 |
_aCoach yourself to Success. _lEspañol |
| 245 | 1 | 0 |
_aCoaching para el éxito : _bconviértete en el entrenador de tu vida personal y profesional / _cTalane Miedaner ; traducción, Dora Castro |
| 260 |
_a _b _c |
||
| 264 | 1 |
_aBarcelona, España : _bEdiciones Urano, _c©2002 |
|
| 300 |
_a333 páginas ; _c22 cm |
||
| 336 |
_2rdacontent _atexto _btxt |
||
| 337 |
_2rdamedia _asin medio _bn |
||
| 338 |
_2rdacarrier _avolumen _bnc |
||
| 502 | _a | ||
| 650 | 7 |
_2armarc _aAutogestión (Psicología) |
|
| 650 | 7 |
_2armarc _aAutorrealización (Psicología) |
|
| 650 | 7 |
_2armarc _aÉxito _xAspectos psicológicos |
|
| 650 | 7 |
_2armarc _aAutoayuda |
|
| 700 | 1 |
_aCastro, Dora, _etraductor |
|
| 765 | 0 |
_aMiedaner, Talane _tCoach yourself to Success _dContemporary Books, ©2000 |
|
| 942 |
_2ddc _cLI _h158.1 _iM6318 |
||
| 999 |
_c40021 _d40021 |
||